[Event "High Wycombe e2e4 Intermediate op 03"]
[Site "High Wycombe"]
[Date "2012.03.18"]
[Round "4"]
[White "Elliott, Max"]
[Black "Stanley, William"]
[Result "0-1"]
[WhiteElo "1542"]
[BlackElo "1790"]
[PlyCount "74"]
[EventDate "2012.03.16"]
[EventType "swiss"]
[EventRounds "5"]
[EventCountry "ENG"]
[SourceTitle "EXT 2014"]
[Source "ChessBase"]
[SourceDate "2013.11.20"]
[SourceVersion "1"]
[SourceVersionDate "2013.11.20"]
[SourceQuality "1"]

1. e4 c5 2. Nc3 e6 3. Bc4 Nc6 4. f4 a6 5. a4 b6 6. Nf3 Bb7 7. d3 Nb4 8. 0-0 d5 9. exd5 exd5 10. Bb3 Nf6 11. Qe1+ Be7 12. Bd2 0-0 13. Qg3 c4 14. Ba2 Nxc2 15. Rac1 cxd3 16. Ne5 Bc5+ 17. Kh1 Re8 18. Qxd3 Nb4 19. Qg3 Nxa2 20. Nxa2 Ne4 21. Qd3 Nf2+ 22. Rxf2 Bxf2 23. Qf3 Bd4 24. Bc3 Bxc3 25. Nxc3 Rc8 26. Rf1 Re7 27. Ne2 d4 28. Qd3 Qd5 29. Nf3 Re3 30. Qxd4 Rxe2 31. Qxb6 Rcc2 32. Rg1 Rxb2 33. Qc7 h6 34. Qb8+ Kh7 35. Qc7 Qxf3 36. Qxb7 Qxb7 37. f5 Rxg2 0-1